Armstrong's Handbook of Performance Management by Armstrong, Michael (Record no. 41938)

MARC details
000 -LEADER
fixed length control field 00323nam a2200109Ia 4500
008 - FIXED-LENGTH DATA ELEMENTS--GENERAL INFORMATION
fixed length control field 241015s9999 xx 000 0 und d
041 ## - LANGUAGE CODE
Language code of text/sound track or separate title eng
100 ## - MAIN ENTRY--PERSONAL NAME
Personal name Armstrong, Michael
245 ## - TITLE STATEMENT
Title Armstrong's Handbook of Performance Management by Armstrong, Michael
260 ## - PUBLICATION, DISTRIBUTION, ETC.
Name of publisher, distributor, etc. Kogan Page
Place of publication, distribution, etc. New Delhi
Date of publication, distribution, etc. 2010
300 ## - PHYSICAL DESCRIPTION
Extent 320;. P. 23 Cm

No items available.

Designed & Maintained by: LRC IMT Nagpur Contact: lrc@imtnag.ac.in© 2024. All Rights Reserved.